El clima de confianza en la administración Monge y sus perspectivas
Guardat en:
| Format: | Text |
|---|---|
| Matèries: | |
| Etiquetes: |
Afegir etiqueta
Sense etiquetes, Sigues el primer a etiquetar aquest registre!
|
MARC
| LEADER | 00000 a a2200000 04500 | ||
|---|---|---|---|
| 001 | 1308 | ||
| 003 | |||
| 040 | |||
| 245 | |a El clima de confianza en la administración Monge y sus perspectivas | ||
| 650 | |a GOBIERNO | ||
| 650 | |a COSTA RICA | ||
| 773 | |g número 12; páginas 8-9 | ||
| 999 | |c 39937 |d 39937 | ||
